000 00512nam a2200181Ia 4500
008 220216s9999 xx 000 0 und d
100 _aGhosh A K
245 0 _aReinforcing properties of a modified carbon black in NR and in an NR-NBR blend
260 _bKautschuk Gummi Kunststoffe
_c1999
300 _a681-688
650 _aAbrasion
650 _aFlex cracking resistance
650 _aHeat build up
650 _aModified carbon black
650 _aNR/NBR blend
700 _aAdhikari B
942 _cJS
999 _c66657
_d66657